000 00376nam a22001457a 4500
003 OSt
005 20160727222342.0
008 160620b xxu||||| |||| 00| 0 eng d
040 _cTEST
100 _9137
_aBessade, M
245 _aBed time Bible Stories
_bDavid & Goliath
260 _aCanada
_bCreative
_c2002
300 _aBed time Bible Stories:David & Goliath
942 _2ddc
_cBK
999 _c109
_d109